Представление документа в формате RUSMARC

Поле Инд. ПП Название Значение
Тип записи a
Библиографический уровень a
001 Контрольный номер acfb1aa9e4c04207961f2f8513216189
005 Дата корректировки 20190321095744.1
100 a Данные общей обработки 20190321 ||| 0rusy0189 ca
101 0_ a Язык текста rus
102 a Страна публикации RU
200 1_ f Первые сведения об ответственности Э. Гаврилов
a Заглавие Консенсуальные и реальные договоры в части четвертой ГК РФ
b Общее обозначение материала Текст
210 1_ d Дата издания 2019
461 _0 1 2000
a Хозяйство и право
463 _0 1 2000
a № 2
v С. 57-63
1 2101
d 2019
1 001568fe51498ef462da012c66bea5dbed2
606 a Основная рубрика Гражданское и торговое право
610 0_ a Ключевые слова ДОГОВОРНОЕ ПРАВО
700 _1 a Фамилия Гаврилов
b Имя Э.
801 _0 a Страна RU
b Организация РГУП
c Дата составления 20190321
g Правила каталогизации PSBO
801 _1 a Страна RU
b Организация РГУП
c Дата составления 20190321
g Правила каталогизации PSBO
901 t Тип документа b
w Контрольный № источника 568fe51498ef462da012c66bea5dbed2
905 a Дата ввода 20190321